Leadership change and work group dynamics: an experiment (Record no. 219553)

MARC details
000 -LEADER
fixed length control field 00392nam a2200145Ia 4500
008 - FIXED-LENGTH DATA ELEMENTS--GENERAL INFORMATION
fixed length control field 230917s9999||||xx |||||||||||||| ||und||
040 ## - CATALOGING SOURCE
-- 76717
Original cataloging agency VIVEKANANDA LIBRARY
041 ## - Language
-- English
082 ## - DDC NUMBER
Classification number 658.3 R723L
100 ## - MAIN ENTRY--PERSONAL NAME
Personal name Rosen, Ned A
245 #0 - TITLE STATEMENT
Title Leadership change and work group dynamics: an experiment
260 ## - PUBLICATION, DISTRIBUTION, ETC. (IMPRINT)
Place of publication, distribution, etc Great Britain
Name of publisher, distributor, etc Staples Press
Date of publication, distribution, etc 1970
300 ## - PHYSICAL DESCRIPTION
Pages xviii, 261 p.
942 ## - ADDED ENTRY ELEMENTS (KOHA)
Koha item type Books
Holdings
Withdrawn status Lost status Damaged status Not for loan Location (home branch) Sublocation or collection (holding branch) Shelving location Date acquired Koha issues (times borrowed) Koha full call number Accession No. Koha date last seen Koha item type
        VIVEKANANDA LIBRARY VIVEKANANDA LIBRARY IMSAR Library 28/02/2003   658.3 R723L 84443 17/09/2023 Books
© Designed and Maintained by Vivekananda Library, MDU Rohtak